[Event "6th Cattolica Open 2019"]
[Site "Cattolica"]
[Date "2019.06.12"]
[Round "6.8"]
[White "Borges, Guilherme Deola"]
[Black "Repka, Christopher"]
[Result "0-1"]
[WhiteElo "2171"]
[BlackElo "2482"]
[Annotator "ChessBase"]
[PlyCount "70"]
[EventDate "2019.06.08"]
[EventType "swiss"]
[EventCountry "ITA"]
[SourceTitle "playchess.com"]
[Source "ChessBase"]
[SourceQuality "1"]
[TimeControl "40/5400+30:900+30"]

1. d4 {[%emt 0:00:00]} e6 {[%emt 0:08:03]} 2. c4 {[%emt 0:00:00]} Nf6 {[%emt 0:00:21]} 3. Nc3 {[%emt 0:00:16]} Bb4 {[%emt 0:00:07]} 4. e3 {[%emt 0:00:23]} O-O {[%emt 0:00:04]} 5. Nge2 {[%emt 0:00:45]} c6 {[%emt 0:00:05]} 6. a3 {[%emt 0:01:58]} Ba5 {[%emt 0:00:04]} 7. Qc2 {[%emt 0:00:33]} d5 {[%emt 0:00:05]} 8. Ng3 {[%emt 0:00:20]} Nbd7 {[%emt 0:00:14]} 9. Be2 {[%emt 0:01:03]} dxc4 {[%emt 0:02:42]} 10. Bxc4 {[%emt 0:00:16]} e5 {[%emt 0:00:03]} 11. O-O {[%emt 0:05:04]} exd4 {[%emt 0:00:16]} 12. exd4 {[%emt 0:00:09]} Nb6 {[%emt 0:00:05]} 13. Ba2 {[%emt 0:03:21]} Nbd5 {[%emt 0:00:19]} 14. Re1 {[%emt 0:08:39]} Be6 {[%emt 0:03:46]} 15. Bg5 {[%emt 0:11:12]} h6 {[%emt 0:04:40]} 16. Bxf6 {[%emt 0:05:19]} Qxf6 {[%emt 0:00:08]} 17. Nxd5 {[%emt 0:04:48]} Bxd5 {[%emt 0:01:40]} 18. b4 {[%emt 0:07:55]} Bxa2 {[%emt 0:01:18]} 19. Ne4 {[%emt 0:05:02]} Qxd4 {[%emt 0:02:58]} 20. Qxa2 {[%emt 0:00:08]} Bc7 {[%emt 0:01:50]} 21. Rad1 {[%emt 0:05:54]} Qe5 {[%emt 0:01:28]} 22. Ng3 {[%emt 0:02:44]} Rad8 {[%emt 0:00:04]} 23. Rxe5 {[%emt 0:01:38]} Rxd1+ {[%emt 0:00:06]} 24. Nf1 {[%emt 0:00:04]} Bxe5 {[%emt 0:00:05]} 25. Qe2 {[%emt 0:01:18]} Rd5 {[%emt 0:00:03]} 26. g3 {[%emt 0:05:20]} Re8 {[%emt 0:00:32]} 27. Kg2 {[%emt 0:01:44]} Re6 {[%emt 0:00:05]} 28. Qc2 {[%emt 0:01:52]} Bd4 {[%emt 0:00:17]} 29. g4 {[%emt 0:04:45]} h5 {[%emt 0:02:34]} 30. gxh5 {[%emt 0:01:56]} Rxh5 {[%emt 0:02:18]} 31. Ng3 {[%emt 0:00:28]} Rd5 {[%emt 0:00:07]} 32. Nf5 {[%emt 0:03:40]} Bb6 {[%emt 0:00:52]} 33. h3 {[%emt 0:02:54]} Rf6 {[%emt 0:02:48]} 34. Ne3 {[%emt 0:04:21]} Rg5+ {[%emt 0:00:08]} 35. Kh2 {[%emt 0:02:18]} Rf3 {[%emt 0:00:08]} 0-1

[Event "6th Cattolica Open 2019"]
[Site "Cattolica"]
[Date "2019.06.12"]
[Round "6.9"]
[White "Epishin, Vladimir"]
[Black "Souhardo Basak"]
[Result "1-0"]
[WhiteElo "2564"]
[BlackElo "2104"]
[Annotator "ChessBase"]
[PlyCount "101"]
[EventDate "2019.06.08"]
[EventType "swiss"]
[EventCountry "ITA"]
[SourceTitle "playchess.com"]
[Source "ChessBase"]
[SourceQuality "1"]
[TimeControl "40/5400+30:900+30"]

1. c4 {[%emt 0:00:00]} g6 {[%emt 0:00:00]} 2. Nf3 {[%emt 0:02:17]} Bg7 {[%emt 0:00:00]} 3. Nc3 {[%emt 0:01:26]} e5 {[%emt 0:00:30]} 4. d4 {[%emt 0:01:08]} exd4 {[%emt 0:01:16]} 5. Nxd4 {[%emt 0:00:06]} Ne7 {[%emt 0:01:21]} 6. Bg5 {[%emt 0:02:52]} h6 {[%emt 0:05:03]} 7. Bh4 {[%emt 0:00:59]} O-O {[%emt 0:03:48]} 8. e3 {[%emt 0:03:42]} c6 {[%emt 0:01:09]} 9. Be2 {[%emt 0:01:11]} g5 {[%emt 0:02:41]} 10. Bg3 {[%emt 0:00:21]} d5 {[%emt 0:00:07]} 11. cxd5 {[%emt 0:03:25]} Nxd5 {[%emt 0:00:08]} 12. O-O {[%emt 0:00:44]} Nxc3 {[%emt 0:04:25]} 13. bxc3 {[%emt 1:18:19]} Nd7 {[%emt 0:06:56]} 14. Nf5 {[%emt 0:00:00]} Nb6 {[%emt 0:00:52]} 15. Nxg7 {[%emt 0:00:00]} Qxd1 {[%emt 0:00:08]} 16. Rfxd1 {[%emt 0:00:00]} Kxg7 {[%emt 0:00:06]} 17. a4 {[%emt 0:00:00]} Be6 {[%emt 0:01:05]} 18. Rdb1 {[%emt 0:00:00]} Bc8 {[%emt 0:05:18]} 19. a5 {[%emt 0:00:00]} Nd5 {[%emt 0:00:07]} 20. c4 {[%emt 0:00:00]} Ne7 {[%emt 0:00:41]} 21. e4 {[%emt 0:00:00]} Rd8 {[%emt 0:02:05]} 22. c5 {[%emt 0:00:00]} Rd2 {[%emt 0:00:47]} 23. Kf1 {[%emt 0:00:00]} f6 {[%emt 0:03:26]} 24. Rd1 {[%emt 0:00:00]} Rc2 {[%emt 0:01:33]} 25. Rdc1 {[%emt 0:00:00]} Rb2 {[%emt 0:01:59]} 26. f3 {[%emt 0:00:00]} Ng6 {[%emt 0:01:48]} 27. Rcb1 {[%emt 0:00:00]} Rc2 {[%emt 0:00:27]} 28. Bf2 {[%emt 0:00:00]} Nf4 {[%emt 0:01:48]} 29. Bd1 {[%emt 0:00:00]} Rc3 {[%emt 0:06:55]} 30. Rb3 {[%emt 0:00:00]} Rxb3 {[%emt 0:05:14]} 31. Bxb3 {[%emt 0:00:00]} Bd7 {[%emt 0:01:52]} 32. Rd1 {[%emt 0:00:00]} Rd8 {[%emt 0:01:08]} 33. Rd6 {[%emt 0:00:00]} Kf8 {[%emt 0:03:04]} 34. Bd4 {[%emt 0:00:00]} Ke8 {[%emt 0:00:33]} 35. Bxf6 {[%emt 0:00:00]} Rb8 {[%emt 0:00:03]} 36. Be5 {[%emt 0:00:00]} Rd8 {[%emt 0:00:33]} 37. Rxh6 {[%emt 0:00:00]} Be6 {[%emt 0:00:30]} 38. Rh8+ {[%emt 0:00:00]} Kd7 {[%emt 0:00:05]} 39. Rxd8+ {[%emt 0:00:00]} Kxd8 {[%emt 0:00:02]} 40. Bxf4 {[%emt 0:00:00]} Bxb3 {[%emt 0:00:00]} 41. Bxg5+ {[%emt 0:00:00]} Kd7 {[%emt 0:00:25]} 42. Kf2 {[%emt 0:00:00]} Ke6 {[%emt 0:00:21]} 43. Bf4 {[%emt 0:00:00]} Bc4 {[%emt 0:00:05]} 44. h4 {[%emt 0:00:00]} Kf6 {[%emt 0:00:04]} 45. g4 {[%emt 0:00:00]} Kg6 {[%emt 0:00:10]} 46. h5+ {[%emt 0:00:00]} Kf6 {[%emt 0:00:03]} 47. Kg3 {[%emt 0:00:00]} Be2 {[%emt 0:00:10]} 48. Bd2 {[%emt 0:00:00]} Bd1 {[%emt 0:00:09]} 49. Bc3+ {[%emt 0:00:00]} Kf7 {[%emt 0:00:07]} 50. g5 {[%emt 0:00:00]} Kg8 {[%emt 0:00:05]} 51. g6 {[%emt 0:00:00]} 1-0

[Event "6th Cattolica Open 2019"]
[Site "Cattolica"]
[Date "2019.06.12"]
[Round "6.10"]
[White "Yankelevich, Lev"]
[Black "Drazic, Sinisa"]
[Result "1/2-1/2"]
[WhiteElo "2484"]
[BlackElo "2365"]
[Annotator "ChessBase"]
[PlyCount "141"]
[EventDate "2019.06.08"]
[EventType "swiss"]
[EventCountry "ITA"]
[SourceTitle "playchess.com"]
[Source "ChessBase"]
[SourceQuality "1"]
[TimeControl "40/5400+30:900+30"]

1. d4 {[%emt 0:00:00]} d5 {[%emt 0:02:43]} 2. c4 {[%emt 0:00:00]} dxc4 {[%emt 0:00:03]} 3. e4 {[%emt 0:00:00]} Nf6 {[%emt 0:00:06]} 4. e5 {[%emt 0:00:00]} Nd5 {[%emt 0:00:04]} 5. Bxc4 {[%emt 0:00:00]} Nb6 {[%emt 0:00:38]} 6. Bd3 {[%emt 0:00:58]} Nc6 {[%emt 0:00:16]} 7. Ne2 {[%emt 0:00:06]} Bg4 {[%emt 0:03:55]} 8. Be3 {[%emt 0:06:02]} e6 {[%emt 0:02:26]} 9. Nbc3 {[%emt 0:00:12]} Qd7 {[%emt 0:06:49]} 10. O-O {[%emt 0:02:29]} Nb4 {[%emt 0:03:44]} 11. Be4 {[%emt 0:03:18]} N4d5 {[%emt 0:00:58]} 12. Qc1 {[%emt 0:11:14]} Bf5 {[%emt 0:08:46]} 13. Ng3 {[%emt 0:05:08]} c6 {[%emt 0:02:37]} 14. Bf3 {[%emt 0:10:07]} Bg6 {[%emt 0:02:25]} 15. Nce4 {[%emt 0:01:43]} Nxe3 {[%emt 0:06:34]} 16. fxe3 {[%emt 0:03:10]} Be7 {[%emt 0:00:05]} 17. Nc5 {[%emt 0:14:42]} Bxc5 {[%emt 0:00:19]} 18. dxc5 {[%emt 0:00:05]} Nd5 {[%emt 0:00:21]} 19. e4 {[%emt 0:00:05]} Nc7 {[%emt 0:01:48]} 20. Rd1 {[%emt 0:14:04]} Qe7 {[%emt 0:00:07]} 21. Qe3 {[%emt 0:02:50]} O-O {[%emt 0:00:35]} 22. Rd2 {[%emt 0:00:38]} Rad8 {[%emt 0:01:54]} 23. Rad1 {[%emt 0:00:16]} Rxd2 {[%emt 0:00:09]} 24. Rxd2 {[%emt 0:00:03]} Rd8 {[%emt 0:00:28]} 25. b4 {[%emt 0:03:13]} a5 {[%emt 0:08:42]} 26. a3 {[%emt 0:00:03]} h6 {[%emt 0:01:26]} 27. Be2 {[%emt 0:00:53]} axb4 {[%emt 0:00:25]} 28. axb4 {[%emt 0:02:05]} Kf8 {[%emt 0:03:21]} 29. h3 {[%emt 0:02:11]} Ne8 {[%emt 0:01:52]} 30. Nf1 {[%emt 0:01:45]} Ra8 {[%emt 0:01:08]} 31. Rd1 {[%emt 0:04:20]} Ra4 {[%emt 0:02:01]} 32. Rd4 {[%emt 0:03:12]} Qc7 {[%emt 0:03:57]} 33. b5 {[%emt 0:03:25]} Ra5 {[%emt 0:01:35]} 34. b6 {[%emt 0:00:28]} Qxe5 {[%emt 0:00:22]} 35. Rd7 {[%emt 0:00:07]} Rxc5 {[%emt 0:00:29]} 36. Rxb7 {[%emt 0:01:52]} Rc3 {[%emt 0:01:59]} 37. Qf2 {[%emt 0:00:05]} Kg8 {[%emt 0:04:11]} 38. Ra7 {[%emt 0:01:03]} Rb3 {[%emt 0:03:49]} 39. b7 {[%emt 0:00:23]} Kh7 {[%emt 0:02:34]} 40. Ra8 {[%emt 0:00:00]} Rxb7 {[%emt 0:00:00]} 41. Rxe8 {[%emt 0:00:58]} Bxe4 {[%emt 0:06:41]} 42. Qe3 {[%emt 0:01:34]} Qd5 {[%emt 0:00:17]} 43. Bf3 {[%emt 0:03:50]} Bxf3 {[%emt 0:00:04]} 44. Qxf3 {[%emt 0:00:03]} Qxf3 {[%emt 0:05:34]} 45. gxf3 {[%emt 0:00:04]} Rb1 {[%emt 0:00:04]} 46. Rc8 {[%emt 0:00:46]} Rc1 {[%emt 0:00:02]} 47. Kf2 {[%emt 0:00:03]} g5 {[%emt 0:00:53]} 48. Ne3 {[%emt 0:01:49]} h5 {[%emt 0:00:12]} 49. Ra8 {[%emt 0:01:41]} Kg7 {[%emt 0:01:08]} 50. Ra4 {[%emt 0:01:36]} f5 {[%emt 0:00:48]} 51. f4 {[%emt 0:02:52]} gxf4 {[%emt 0:03:48]} 52. Rxf4 {[%emt 0:00:04]} Kf6 {[%emt 0:00:12]} 53. Ra4 {[%emt 0:00:47]} Rc3 {[%emt 0:26:06]} 54. Ra8 {[%emt 0:01:16]} Ke5 {[%emt 0:00:00]} 55. h4 {[%emt 0:00:34]} c5 {[%emt 0:00:00]} 56. Rh8 {[%emt 0:00:31]} Ke4 {[%emt 0:00:00]} 57. Nd1 {[%emt 0:02:19]} Rc2+ {[%emt 0:00:00]} 58. Ke1 {[%emt 0:00:05]} Kf3 {[%emt 0:00:00]} 59. Rxh5 {[%emt 0:00:09]} Re2+ {[%emt 0:00:00]} 60. Kf1 {[%emt 0:00:01]} Rh2 {[%emt 0:00:00]} 61. Ke1 {[%emt 0:00:40]} c4 {[%emt 0:00:00]} 62. Rh8 {[%emt 0:01:29]} e5 {[%emt 0:00:00]} 63. Ra8 {[%emt 0:03:54]} Rxh4 {[%emt 0:00:00]} 64. Ra3+ {[%emt 0:00:03]} Ke4 {[%emt 0:00:00]} 65. Nc3+ {[%emt 0:00:14]} Kd3 {[%emt 0:00:00]} 66. Ne2+ {[%emt 0:01:21]} Kc2 {[%emt 0:00:00]} 67. Rc3+ {[%emt 0:03:17]} Kb2 {[%emt 0:00:00]} 68. Kd2 {[%emt 0:04:45]} Re4 {[%emt 0:00:00]} 69. Rf3 {[%emt 0:00:00]} f4 {[%emt 0:00:00]} 70. Rh3 {[%emt 0:00:00]} Re3 {[%emt 0:01:52]} 71. Rxe3 {[%emt 0:00:00]} 1/2-1/2

[Event "6th Cattolica Open 2019"]
[Site "Cattolica"]
[Date "2019.06.12"]
[Round "6.11"]
[White "Gilevych, Artem"]
[Black "Lumachi, Gabriele"]
[Result "1/2-1/2"]
[WhiteElo "2448"]
[BlackElo "2286"]
[Annotator "NA"]
[PlyCount "43"]
[EventDate "2019.06.08"]
[EventType "swiss"]
[EventCountry "ITA"]
[SourceTitle "playchess.com"]
[Source "ChessBase"]
[SourceQuality "1"]
[TimeControl "40/5400+30:900+30"]

1. d4 {[%emt 0:00:00]} d5 {[%emt 1:30:30]} 2. c4 {[%emt 0:00:00]} c5 {[%emt 0:00:00]} 3. Nf3 {[%emt 0:07:11]} cxd4 {[%emt 0:00:00]} 4. cxd5 {[%emt 0:02:19]} Qxd5 {[%emt 0:00:00]} 5. Nc3 {[%emt 0:00:21]} Qa5 {[%emt 0:00:00]} 6. Nxd4 {[%emt 0:00:45]} Nf6 {[%emt 0:00:00]} 7. g3 {[%emt 0:04:16]} e5 {[%emt 0:00:00]} 8. Nb3 {[%emt 0:02:38]} Qc7 {[%emt 0:00:00]} 9. Bg2 {[%emt 0:00:36]} Bb4 {[%emt 0:00:00]} 10. Bd2 {[%emt 0:01:57]} O-O {[%emt 0:00:00]} 11. O-O {[%emt 0:00:27]} Nc6 {[%emt 0:00:00]} 12. Rc1 {[%emt 0:16:05]} Rd8 {[%emt 0:00:00]} 13. Qe1 {[%emt 0:00:05]} Qe7 {[%emt 0:00:00]} 14. a3 {[%emt 0:21:57]} Be6 {[%emt 0:00:00]} 15. axb4 {[%emt 0:00:38]} Bxb3 {[%emt 0:00:00]} 16. Bg5 {[%emt 0:02:08]} h6 {[%emt 0:00:00]} 17. Bxf6 {[%emt 0:18:04]} Qxf6 {[%emt 0:00:00]} 18. b5 {[%emt 0:04:21]} Nd4 {[%emt 0:00:00]} 19. Bxb7 {[%emt 0:00:48]} Rab8 {[%emt 0:00:00]} 20. Be4 {[%emt 0:00:06]} Qb6 {[%emt 0:00:00]} 21. e3 {[%emt 0:03:56]} Nxb5 {[%emt 0:00:00]} 22. Nxb5 {[%emt 0:00:08]} 1/2-1/2

[Event "6th Cattolica Open 2019"]
[Site "Cattolica"]
[Date "2019.06.12"]
[Round "7.1"]
[White "Barseghyan, Harutyun"]
[Black "Fedorchuk, Sergey A."]
[Result "1/2-1/2"]
[WhiteElo "2495"]
[BlackElo "2631"]
[Annotator "TA"]
[PlyCount "43"]
[EventDate "2019.06.08"]
[EventType "swiss"]
[EventCountry "ITA"]
[SourceTitle "playchess.com"]
[Source "ChessBase"]
[SourceQuality "1"]

{[%evp 20,43,27,12,15,0,0,0,0,0,1,0,0,-10,0,0,0,0,12,-6,0,0,14,0,0,-9]} 1. d4 Nf6 2. c4 e6 3. Nc3 Bb4 4. Qc2 d6 5. Nf3 O-O 6. g3 b6 7. Bg2 Bb7 8. O-O Nbd7 9. b3 Bxc3 10. Qxc3 a5 11. a3 Be4 {The position is equal. E32: Nimzo-Indian: Classical (4 Qc2): 4...0-0} 12. Bg5 $146 ({Predecessor:} 12. Bb2 Qb8 13. Rac1 Qb7 14. Rfd1 Rfc8 15. Bh3 b5 16. Nd2 bxc4 17. bxc4 Rcb8 18. Ba1 Bg6 19. Bg2 c6 20. e4 {½-½ (76) Wang,H (2717)-Tomashevsky,E (2728) Huaian 2016}) 12... h6 13. Bxf6 Nxf6 14. Rac1 Qb8 15. a4 Qb7 16. Rfd1 Rfe8 17. Ne1 Bxg2 18. Nxg2 c6 19. Nh4 Rec8 20. Nf3 d5 21. cxd5 cxd5 22. Qb2 1/2-1/2

[Event "6th Cattolica Open 2019"]
[Site "Cattolica"]
[Date "2019.06.12"]
[Round "7.2"]
[White "Dreev, Aleksey"]
[Black "Sonis, Francesco"]
[Result "1/2-1/2"]
[WhiteElo "2657"]
[BlackElo "2494"]
[Annotator "TA"]
[PlyCount "50"]
[EventDate "2019.06.08"]
[EventType "swiss"]
[EventCountry "ITA"]
[SourceTitle "playchess.com"]
[Source "ChessBase"]
[SourceQuality "1"]

{[%evp 10,50,7,6,-2,1,3,4,16,0,8,9,10,11,17,12,0,13,16,16,16,17,14,14,23,14,99,99,100,101,95,89,100,27,27,27,28,31,32,18,20,20,13]} 1. d4 d5 2. c4 c6 3. Nf3 Nf6 4. Qb3 dxc4 5. Qxc4 Bg4 6. Nbd2 Nbd7 {D23: Queen's Gambit Accepted: 3 Nf3 Nf6 sidelines} 7. g3 e6 8. Bg2 Be7 9. O-O O-O 10. Qb3 Qb6 (10... b5 11. h3 Bh5 12. g4 Bg6 13. Nh4 Qb6 14. Nxg6 hxg6 {½-½ (63) Mamedyarov,S (2817)-Gozzoli,Y (2630) chess.com INT 2019}) 11. Nc4 Qa6 12. Bd2 Nb6 13. Rfc1 Rfd8 (13... Nxc4 {seems wilder.} 14. Rxc4 Qb6 15. h3 Bxf3 16. Bxf3 Qxb3 17. axb3 Ne8) 14. e3 Nxc4 {[#]} 15. Qxc4 $146 ({Predecessor:} 15. Rxc4) 15... Qxc4 16. Rxc4 Bxf3 17. Bxf3 e5 (17... Nd5 $11) 18. Ba5 $16 Re8 19. dxe5 Nd7 20. Bc3 $36 {[%mdl 2048] Black is under strong pressure.} Bd8 21. Rd1 (21. Rb4 $16) 21... Nxe5 $11 22. Bxe5 Rxe5 23. Rd7 Re7 24. Re4 Rxe4 25. Bxe4 Rb8 {Accuracy: White = 67%, Black = 81%.} 1/2-1/2

[Event "6th Cattolica Open 2019"]
[Site "Cattolica"]
[Date "2019.06.12"]
[Round "7.3"]
[White "Rychagov, Andrey"]
[Black "Mareco, Sandro"]
[Result "1/2-1/2"]
[WhiteElo "2520"]
[BlackElo "2643"]
[Annotator "RC"]
[PlyCount "48"]
[EventDate "2019.06.08"]
[EventType "swiss"]
[EventCountry "ITA"]
[SourceTitle "playchess.com"]
[Source "ChessBase"]
[SourceQuality "1"]
[TimeControl "40/5400+30:900+30"]

1. d4 {[%emt 0:00:00]} Nf6 {[%emt 0:00:00]} 2. c4 {[%emt 0:00:00]} e6 {[%emt 0:00:00]} 3. Nf3 {[%emt 0:00:00]} d5 {[%emt 0:00:00]} 4. e3 {[%emt 0:02:22]} a6 {[%emt 0:01:28]} 5. Nc3 {[%emt 0:05:07]} b6 {[%emt 0:02:31]} 6. Qa4+ {[%emt 0:09:25]} c6 {[%emt 0:04:19]} 7. cxd5 {[%emt 0:03:56]} b5 {[%emt 0:09:59]} 8. Qd1 {[%emt 0:11:21]} cxd5 {[%emt 0:01:06]} 9. Bd2 {[%emt 0:04:02]} Bd6 {[%emt 0:01:27]} 10. Bd3 {[%emt 0:03:08]} O-O {[%emt 0:01:57]} 11. O-O {[%emt 0:01:14]} Bb7 {[%emt 0:01:35]} 12. a3 {[%emt 0:06:24]} Nc6 {[%emt 0:01:27]} 13. Na2 {[%emt 0:02:00]} Qe7 {[%emt 0:02:06]} 14. Bc3 {[%emt 0:07:00]} Ne4 {[%emt 0:12:46]} 15. Qe1 {[%emt 0:01:55]} Rfc8 {[%emt 0:04:13]} 16. Rc1 {[%emt 0:08:20]} Nxc3 {[%emt 0:00:54]} 17. Nxc3 {[%emt 0:02:45]} Na5 {[%emt 0:08:46]} 18. e4 {[%emt 0:03:43]} dxe4 {[%emt 0:02:15]} 19. Bxe4 {[%emt 0:00:47]} Nc4 {[%emt 0:00:24]} 20. Qe2 {[%emt 0:01:19]} Bf4 {[%emt 0:03:46]} 21. Ra1 {[%emt 0:02:17]} Bxe4 {[%emt 0:03:28]} 22. Nxe4 {[%emt 0:00:42]} Nb6 {[%emt 0:02:03]} 23. g3 {[%emt 0:01:01]} Bd6 {[%emt 0:00:07]} 24. Rac1 {[%emt 0:01:46]} h6 {[%emt 0:35:23]} 1/2-1/2

[Event "6th Cattolica Open 2019"]
[Site "Cattolica"]
[Date "2019.06.12"]
[Round "7.4"]
[White "Martinez Alcantara, Jose Eduardo"]
[Black "Arjun Kalyan"]
[Result "1-0"]
[WhiteElo "2583"]
[BlackElo "2484"]
[Annotator "TA"]
[PlyCount "132"]
[EventDate "2019.06.08"]
[EventType "swiss"]
[EventCountry "ITA"]
[SourceTitle "playchess.com"]
[Source "ChessBase"]
[SourceQuality "1"]

{[%evp 18,132,0,0,9,0,22,4,26,0,21,21,23,17,20,23,19,16,21,25,26,24,14,0,29,30,33,23,31,25,35,35,37,10,27,37,57,51,68,57,64,66,68,51,66,29,21,20,21,0,99,86,109,37,82,25,29,24,35,24,26,39,124,128,91,113,98,80,138,136,126,148,261,265,433,425,832,832,832,412,936,758,1674,1661,1354,711,1083,970,29954,29952,10312,5490,29960,29961,29961,29961,29962,29963,29961,29963,29963,29962,29960,29952,12849,5834,8311,5422,4594,2866,29970,29971,29970,29970,29961,29960,7107]} 1. e4 e5 2. Nf3 Nc6 3. Bb5 a6 4. Ba4 Nf6 5. d3 d6 6. c3 g6 7. Nbd2 Bg7 8. Nf1 O-O 9. Ng3 b5 10. Bc2 d5 {C77: Ruy Lopez: 3...a6 4 Ba4 Nf6, unusual lines} (10... Bb7 11. h4 h5 12. Bg5 Qd7 13. O-O Nd8 14. d4 exd4 15. cxd4 Ne6 16. Bd2 d5 17. e5 Ne4 18. b4 Nxd2 19. Qxd2 {½-½ (89) Andreikin,D (2723)-Karttunen,M (2465) Minsk 2017}) 11. O-O h6 12. h3 Be6 {The position is equal.} 13. d4 Nxe4 $146 (13... exd4 {is more complex.} 14. e5 d3 15. Qxd3 Nd7 16. Bf4 Ncxe5 17. Nxe5 Nxe5 18. Bxe5 Bxe5 19. f4 Bd6) ({Predecessor:} 13... exd4 14. e5 d3 15. Bxd3 Nd7 16. Bc2 Re8 17. Nd4 Ndxe5 18. Nxe6 Rxe6 {0-1 (41) Kuzmin,G (2470)-Kaidanov,G (2475) Norilsk 1987}) 14. Nxe4 dxe4 15. Bxe4 Bd5 16. Bxd5 Qxd5 17. dxe5 Rad8 18. Qxd5 Rxd5 19. e6 fxe6 20. Re1 Kf7 21. Bf4 e5 22. Bg3 Rfd8 23. Kf1 g5 24. Rac1 Rc5 25. Re4 Ke6 26. Rce1 Rcd5 27. Bh2 R8d7 28. g4 Bf6 29. Bg3 Rc5 30. Kg2 Rdd5 31. a4 (31. a3 {is interesting.} Rd3 32. Rh1 Nd8 33. Re2 a5 34. h4) 31... Rc4 32. Rxc4 bxc4 33. Re4 Rc5 (33... Rd1 $11) 34. Nd2 $16 Na5 35. Kf1 (35. f4 $16) 35... Kd5 36. f3 (36. Re2 $16 {Hoping for Ne4.} Rc6 37. Ne4) 36... Nb3 $11 37. Nxb3 cxb3 {[%mdl 4096] Endgame KRB-KRB} 38. Ke2 Rc6 39. Kd3 a5 ({Black should try} 39... Rd6 $14) 40. c4+ $16 Ke6 41. Be1 Rd6+ 42. Kc3 c5 ({Black should play} 42... Kd7) 43. Bf2 ({Much weaker is} 43. Kxb3 $6 Rd3+ 44. Kc2 Rxf3 $11) 43... Rd1 44. Bxc5 Rf1 (44... Bd8 $16 45. Re3 (45. Kxb3 Rd3+ 46. Kc2 Rxf3 $16) 45... Rh1 46. Kxb3 Rxh3) 45. Re3 $18 e4+ $2 {[#]} (45... h5 46. gxh5 Rh1 47. Kxb3 Bd8) 46. Kxb3 Rxf3 (46... Kd7 $142 47. Rxe4 Rd1) 47. Rxf3 exf3 {KB-KB} 48. Kc2 h5 (48... Be7 $142 49. Bb6 Bd8) 49. Be3 hxg4 50. hxg4 Ke5 51. Kd3 Be7 52. b3 Bd8 53. c5 Kd5 {[#]} 54. c6 $1 {[%mdl 512]} Kxc6 55. Ke4 Kd6 56. Kxf3 Kd5 57. Ba7 Bc7 58. Ke3 Bd6 59. Kd3 Ke5 60. Be3 Be7 61. Bc1 Kd5 62. Bd2 Bd8 63. Bc3 Kc5 64. Ke4 {White mates.} Bc7 65. Kf5 Bd8 66. Bd2 Kd5 {Accuracy: White = 71%, Black = 39%.} 1-0

[Event "6th Cattolica Open 2019"]
[Site "Cattolica"]
[Date "2019.06.12"]
[Round "7.5"]
[White "Repka, Christopher"]
[Black "Basso, Pier Luigi"]
[Result "1/2-1/2"]
[WhiteElo "2482"]
[BlackElo "2539"]
[Annotator "ChessBase"]
[PlyCount "49"]
[EventDate "2019.06.08"]
[EventType "swiss"]
[EventCountry "ITA"]
[SourceTitle "playchess.com"]
[Source "ChessBase"]
[SourceQuality "1"]
[TimeControl "40/5400+30:900+30"]

1. e4 {[%emt 0:02:10]} e5 {[%emt 0:00:00]} 2. Nf3 {[%emt 0:00:09]} Nc6 {[%emt 0:00:00]} 3. Bb5 {[%emt 0:00:12]} Nf6 {[%emt 0:00:00]} 4. O-O {[%emt 0:00:07]} Nxe4 {[%emt 0:00:00]} 5. d4 {[%emt 0:00:52]} Nd6 {[%emt 0:00:48]} 6. Bxc6 {[%emt 0:02:49]} dxc6 {[%emt 0:00:10]} 7. dxe5 {[%emt 0:00:02]} Nf5 {[%emt 0:00:11]} 8. Qxd8+ {[%emt 0:00:03]} Kxd8 {[%emt 0:00:07]} 9. h3 {[%emt 0:01:10]} Ke8 {[%emt 0:00:13]} 10. Nc3 {[%emt 0:00:42]} h5 {[%emt 0:00:10]} 11. Bf4 {[%emt 0:01:08]} Be7 {[%emt 0:00:25]} 12. Rad1 {[%emt 0:00:31]} Be6 {[%emt 0:00:26]} 13. Ng5 {[%emt 0:01:22]} Rh6 {[%emt 0:00:36]} 14. g3 {[%emt 0:00:54]} Bxg5 {[%emt 0:01:27]} 15. Bxg5 {[%emt 0:00:06]} Rg6 {[%emt 0:00:08]} 16. h4 {[%emt 0:00:02]} f6 {[%emt 0:00:26]} 17. exf6 {[%emt 0:00:03]} gxf6 {[%emt 0:00:07]} 18. Bf4 {[%emt 0:00:03]} Nxh4 {[%emt 0:00:39]} 19. f3 {[%emt 0:00:17]} Rd8 {[%emt 0:03:40]} 20. Rde1 {[%emt 0:02:42]} Kd7 {[%emt 0:04:07]} 21. Rd1+ {[%emt 0:01:26]} Kc8 {[%emt 0:04:00]} 22. Rxd8+ {[%emt 0:00:12]} Kxd8 {[%emt 0:00:05]} 23. Kf2 {[%emt 0:00:03]} Nf5 {[%emt 0:00:52]} 24. Rh1 {[%emt 0:00:04]} Ng7 {[%emt 0:00:36]} 25. Ne2 {[%emt 0:01:47]} 1/2-1/2

[Event "6th Cattolica Open 2019"]
[Site "Cattolica"]
[Date "2019.06.12"]
[Round "7.6"]
[White "Solomon, Kenny"]
[Black "Epishin, Vladimir"]
[Result "1/2-1/2"]
[WhiteElo "2383"]
[BlackElo "2564"]
[Annotator "TA"]
[PlyCount "76"]
[EventDate "2019.06.08"]
[EventType "swiss"]
[EventCountry "ITA"]
[SourceTitle "playchess.com"]
[Source "ChessBase"]
[SourceQuality "1"]

{[%evp 15,76,3,25,18,12,16,23,0,0,0,14,24,44,24,43,0,0,-3,62,75,62,68,67,67,73,75,171,162,155,163,163,163,159,111,126,111,108,112,122,77,76,74,83,72,78,14,24,4,38,0,0,0,0,0,9,0,0,0,0,0,0,0,0]} 1. Nf3 Nf6 2. c4 e6 3. d4 b6 4. g3 Bb4+ 5. Bd2 Be7 6. Bg2 Bb7 7. O-O O-O 8. Nc3 Na6 9. Re1 {E16: Queen's Indian: 4 g3 Bb7 5 Bg2 Bb4+} (9. Rc1 Re8 10. Qc2 d5 11. cxd5 Nb4 12. Qb1 Nbxd5 13. Rfd1 Nxc3 14. Bxc3 Be4 15. Qa1 Qd5 16. Be1 Rac8 17. Nh4 Bxg2 18. Nxg2 {½-½ (74) Wang,H (2795)-Rapport,R (2739) Hengshui 2019}) 9... d5 10. cxd5 exd5 11. Ne5 $146 {White has an edge.} ({Predecessor:} 11. Bf4 Ne4 12. Ne5 c5 13. dxc5 Naxc5 14. Nxe4 dxe4 15. Qc2 Qc8 16. Rac1 Qf5 17. Nc4 Rac8 18. Qb1 Qe6 19. Red1 Bd5 20. b3 Rfd8 21. Be3 h5 22. Nd2 f5 {0-1 (70) Itkis,B (2447)-Poluektov,Y (2350) Ilichevsk 2008}) 11... c5 12. e3 Nc7 13. dxc5 bxc5 14. Qa4 Re8 15. Rad1 Bf8 16. Nc6 Qd6 ({Black should play} 16... Qc8 $11) 17. Na5 $14 Bc8 18. e4 $36 {[%mdl 2048] aiming for Bf4. White has good play.} Bg4 19. Rc1 Bd7 20. Qc2 Qa6 (20... Rac8 $16) 21. Nxd5 Nfxd5 22. exd5 Nb5 23. Qd3 Qf6 24. Bc3 Nxc3 25. bxc3 Rxe1+ 26. Rxe1 Rb8 27. Nb3 c4 28. Qxc4 Rc8 29. Qd4 Qxd4 30. Nxd4 (30. cxd4 $16 g6 31. Be4) 30... Rxc3 $11 31. Nc6 Bc5 32. Rb1 {[#] Rb8+ would kill now.} g6 {The position is equal.} 33. Be4 Bh3 34. Rd1 Bg4 35. Rb1 Bh3 36. Ne5 Bd6 37. Nc6 Bc5 38. Ne5 Bd6 {Accuracy: White = 51%, Black = 65%.} 1/2-1/2